Mario Golf: Toadstool Tour - Personnages [avec image] - Statistiques

Statistiques générales
  • Ce quiz a été pris 23 fois
  • Le résultat moyen est 14 sur 18
Statistiques - réponses
Par images Réponse % Correct
Bowser
100%
Donkey Kong
100%
Koopa Troopa
100%
Luigi
100%
Mario
100%
Princesse Daisy
100%
Princesse Peach
100%
Waluigi
100%
Wario
100%
Yoshi
100%
Bowser Jr.
88%
Diddy Kong
88%
Boo
75%
Birdo
50%
Antimario
25%
Flora Piranha
25%
Ella
13%
Neil
13%
Aucun quiz correspondant
Distribution des résultats
% des personnes avec chaque résultat
Percentile par nombre de réponses
Votre historique - résultats
Vous n’avez pas pris ce quiz